000 00877nas a2200265 4500
001 BR2013001894
003 BR-BrBNA
005 20231205122023.0
007 ta
008 230509b bl.|||p| |||| 00| 00por d
040 _aBR-BrBNA
_bpor
_cBiblioteca Nacional de Agricultura
041 _a(Pt)
072 _aD50; P06
100 1 _aAugusto, C.A.
100 1 _aSouza, J.P. de
245 1 _aEstruturas de Governança e Recursos Estratégicos: um estudo sobre a capacidade de resposta às leis ambientais em destilarias no estado do Paraná
650 _aALCOOL
650 _aCRESCIMENTO
650 _aLEGISLAÇÃO
650 _aBIOCOMBUSTIVEL
650 _aPARANÁ
773 0 _tRevista de Economia e Sociologia Rural (Brazil)
_xISSN 0103-2003
_g(Jul-Sep 2012), v. 50(3) p. 411-434
_wBR2013001894
909 _a202311
_bLúcia
_c55
_dLúcia Elande
942 _2AGRIS
_n0
_cANA
999 _c226493
_d226493